| 000 -LEADER |
| fixed length control field |
00814nam a22002657a 4500 |
| 001 - CONTROL NUMBER |
| control field |
12125 |
| 003 - CONTROL NUMBER IDENTIFIER |
| control field |
BD-DhUAP |
| 005 - DATE AND TIME OF LATEST TRANSACTION |
| control field |
20200309125554.0 |
| 008 - FIXED-LENGTH DATA ELEMENTS--GENERAL INFORMATION |
| fixed length control field |
200309r20072003ii a|||| b||| 001 0 eng d |
| 020 ## - INTERNATIONAL STANDARD BOOK NUMBER |
| International Standard Book Number |
8126508337 |
| 020 ## - INTERNATIONAL STANDARD BOOK NUMBER |
| International Standard Book Number |
9788126508334 |
| 040 ## - CATALOGING SOURCE |
| Original cataloging agency |
BD-DhUAP |
| Language of cataloging |
Eng |
| Transcribing agency |
BD-DhUAP |
| Modifying agency |
BD-DhUAP |
| 082 ## - DEWEY DECIMAL CLASSIFICATION NUMBER |
| Edition number |
23 |
| Classification number |
621.3825 PRA |
| 100 ## - MAIN ENTRY--PERSONAL NAME |
| Personal name |
Pratt, Timothy. |
| 245 ## - TITLE STATEMENT |
| Title |
Satellite communications / |
| Statement of responsibility, etc. |
Timothy Pratt, Charles W. Bostian; and Jeremy E. Allnutt. |
| 250 ## - EDITION STATEMENT |
| Edition statement |
2nd ed. |
| 260 ## - PUBLICATION, DISTRIBUTION, ETC. |
| Place of publication, distribution, etc. |
India : |
| Name of publisher, distributor, etc. |
Wiley, |
| Date of publication, distribution, etc. |
c2003 [Reprinted 2007]. |
| 300 ## - PHYSICAL DESCRIPTION |
| Extent |
xix, 536 pages : |
| Other physical details |
illustrations ; |
| Dimensions |
25 cm. |
| 500 ## - GENERAL NOTE |
| General note |
Includes index. |
| 650 ## - SUBJECT ADDED ENTRY--TOPICAL TERM |
| Topical term or geographic name entry element |
Artificial satellites in telecommunication. |
| 650 ## - SUBJECT ADDED ENTRY--TOPICAL TERM |
| Topical term or geographic name entry element |
Telecommunication. |
| 700 ## - ADDED ENTRY--PERSONAL NAME |
| Personal name |
Bostian, Charles W. |
| 700 ## - ADDED ENTRY--PERSONAL NAME |
| Personal name |
Allnutt, Jeremy E. |
| 942 ## - ADDED ENTRY ELEMENTS (KOHA) |
| Source of classification or shelving scheme |
|
| Koha item type |
Book |